|
|
|
|
| LEADER |
00000nbm0a2200000 4500 |
| 001 |
333779 |
| 005 |
20240116095027.0 |
| 035 |
|
|
|a (RuTPU)RU\TPU\book\359792
|
| 035 |
|
|
|a RU\TPU\book\359793
|
| 090 |
|
|
|a 333779
|
| 100 |
|
|
|a 20170623j20170623k y0rusy50 ca
|
| 101 |
0 |
|
|a rus
|
| 102 |
|
|
|a RU
|
| 105 |
|
|
|a a m 001zy
|
| 200 |
1 |
|
|a Эколого-геохимическая оценка природной среды гидрогеоэкологического полигона "Томский" с использованием геоинформационных технологий
|e диссертация на соискание ученой степени кандидата геолого-минералогических наук
|e спец. 25.00.36
|f Е. П. Янкович
|g Национальный исследовательский Томский политехнический университет (ТПУ) ; науч. рук. Л. П. Рихванов
|
| 210 |
|
|
|a Томск
|c [Б. и.]
|d 2017
|
| 215 |
|
|
|a 136 л.
|c ил.
|
| 300 |
|
|
|a Защищена 23.06.2017 г.
|
| 320 |
|
|
|a Библиогр.: с. 113-136 (212 назв.)
|
| 452 |
|
1 |
|0 (RuTPU)RU\TPU\book\362216
|t Эколого-геохимическая оценка природной среды гидрогеоэкологического полигона "Томский" с использованием геоинформационных технологий
|o диссертация на соискание учёной степени кандидата геолого-минералогических наук
|o спец. 25.00.36
|f Е. П. Янкович
|g Национальный исследовательский Томский политехнический университет (ТПУ) ; науч. рук. Л. П. Рихванов
|c Томск
|d 2017
|a Янкович, Елена Петровна
|
| 606 |
1 |
|
|a Экологический мониторинг
|x Применение информационных технологий
|2 stltpush
|3 (RuTPU)RU\TPU\subj\75806
|9 87402
|
| 610 |
1 |
|
|a пространственно-ориентированные данные
|
| 610 |
1 |
|
|a геоинформационные технологии
|
| 610 |
1 |
|
|a гидрогеоэкологические полигоны
|
| 610 |
1 |
|
|a природная среда
|
| 610 |
1 |
|
|a эколого-геохимические исследования
|
| 610 |
1 |
|
|a подземные воды
|
| 610 |
1 |
|
|a эколого-геохимическая оценка
|
| 610 |
1 |
|
|a диссертации
|
| 610 |
1 |
|
|a труды учёных ТПУ
|
| 675 |
|
|
|a 504.064(04)
|v 4
|
| 686 |
|
|
|a 25.00.36
|2 oksvnk
|
| 700 |
|
1 |
|a Янкович
|b Е. П.
|c геолог
|c старший преподаватель Томского политехнического университета
|f 1967-
|g Елена Петровна
|3 (RuTPU)RU\TPU\pers\28199
|9 13153
|
| 702 |
|
1 |
|a Рихванов
|b Л. П.
|c геолог
|c профессор Томского политехнического университета, доктор геолого-минералогических наук
|c заслуженный геолог РФ
|c почетный работник высшего образования РФ
|f 1945-
|g Леонид Петрович
|3 (RuTPU)RU\TPU\pers\23187
|4 727
|
| 712 |
0 |
2 |
|a Национальный исследовательский Томский политехнический университет (ТПУ)
|c (2009- )
|3 (RuTPU)RU\TPU\col\15902
|
| 801 |
|
1 |
|a RU
|b 63413507
|c 20170623
|
| 801 |
|
2 |
|a RU
|b 63413507
|c 20171003
|g RCR
|
| 942 |
|
|
|c BK
|